000 00432nam a22001217a 4500
008 180629b xxu||||| |||| 00| 0 eng d
041 _aeng
080 _a321
100 _a19
101 _aSHP
245 _aNATO's Comprehensive, Strategic-Level Policy for Preventing the Proliferation of Weapons of Mass Destruction (WMD) and Defending Against Chemical, Biological, Radiological and Nuclear (CBRN) Threats
_cNATO
942 _2udc
_cBK
999 _c46647
_d46647